| 000 | 00633nam a2200205Ia 4500 | ||
|---|---|---|---|
| 008 | 230125s9999 xx 000 0 und d | ||
| 020 | _a978-93-80658-30-8 | ||
| 041 | _aeng | ||
| 082 |
_a823 _bCAN/HAN |
||
| 100 | _aCanfield J | ||
| 245 | _aChicken Soup for the Soul Woman to Woman | ||
| 260 |
_c2010 _bWestland Publications _aMumbai |
||
| 300 | _a382p | ||
| 440 | _aChicken Soup for the Soul Series Book | ||
| 500 | _aEnglish Literature;Literature;Series Book;Chicken Soup for the Soul Series Book | ||
| 650 | _aEnglish Literature | ||
| 700 |
_aCanfield J & Hansen M V _9108370 |
||
| 906 | _b74 | ||
| 999 |
_c85205 _d85205 |
||